| 000 | 01495cam a2200349 i 4500 | ||
|---|---|---|---|
| 001 | 18452668 | ||
| 003 | NUST - PNEC | ||
| 005 | 20170116181203.0 | ||
| 008 | 150116s2015 cau b 001 0 eng | ||
| 010 | _a 2015002087 | ||
| 020 | _a9781119044215 (paperback) | ||
| 040 |
_aDLC _beng _cLIBRARY _erda _dDLC |
||
| 042 | _apcc | ||
| 050 | 0 | 0 |
_aLB2806 _b.D436 2015 |
| 082 | 0 | 0 |
_a371.2 DES _223 |
| 084 | _2bisacsh | ||
| 100 | 1 | _aDesravines, Jean. | |
| 245 | 1 | 4 |
_aThe school leadership playbook : a field guide for dramatic improvement / _cJean Desravines, Benjamin Fenton with Lori Taliaferro Riddick. |
| 250 | _aFirst edition. | ||
| 260 |
_aU.S.A. _bNew Leaders, Inc. _cC2015. |
||
| 300 |
_aix, 186 pages ; _c24 cm |
||
| 504 | _aIncludes bibliographical references and index. | ||
| 650 | 0 | _aEducational leadership. | |
| 650 | 0 | _aSchool management and organization. | |
| 650 | 0 |
_aEducational change. _xGeneral |
|
| 650 | 7 |
_aEDUCATION / Administration / General. _2bisacsh |
|
| 776 | 0 | 8 |
_iOnline version: _aDesravines, Jean. _tSchool leadership playbook _bFirst edition. _dSan Francisco, CA : Jossey-Bass, 2015 _z9781119044055 _w(DLC) 2015008658 |
| 856 | _uhttp://www.amazon.com/School-Leadership-Playbook-Dramatic-Improvement/dp/1119044219/ref=sr_1_1?s=books&ie=UTF8&qid=1455787323&sr=1-1&keywords=9781119044215 | ||
| 906 |
_a7 _bcbc _corignew _d1 _eecip _f20 _gy-gencatlg |
||
| 942 |
_2ddc _cBK |
||
| 999 |
_c71530 _d71530 |
||